| 000 -LEADER |
| fixed length control field |
01345 a2200337 4500 |
| 003 - CONTROL NUMBER IDENTIFIER |
| control field |
Nust |
| 005 - DATE AND TIME OF LATEST TRANSACTION |
| control field |
20170207154053.0 |
| 010 ## - LIBRARY OF CONGRESS CONTROL NUMBER |
| LC control number |
2008011042 |
| 020 ## - INTERNATIONAL STANDARD BOOK NUMBER |
| International Standard Book Number |
0-8166-4870-0 (inb.) |
| 020 ## - INTERNATIONAL STANDARD BOOK NUMBER |
| International Standard Book Number |
0-8166-4871-9 (hft.) |
| 020 ## - INTERNATIONAL STANDARD BOOK NUMBER |
| International Standard Book Number |
978-0-8166-4870-2 (inb.) |
| 020 ## - INTERNATIONAL STANDARD BOOK NUMBER |
| International Standard Book Number |
978-0-8166-4871-9 (hft.) |
| 035 ## - SYSTEM CONTROL NUMBER |
| System control number |
(OCoLC)222249169 |
| 035 ## - SYSTEM CONTROL NUMBER |
| System control number |
(OCoLC)ocn222249169 |
| 040 ## - CATALOGING SOURCE |
| Transcribing agency |
Nust |
| 082 00 - DEWEY DECIMAL CLASSIFICATION NUMBER |
| Classification number |
070.5/7973 |
| 100 1# - MAIN ENTRY--PERSONAL NAME |
| Personal name |
Hall, Gary, |
| 245 10 - TITLE STATEMENT |
| Title |
Digitize this book! :the politics of new media, or why we need open access now(E-BOOK) |
| Statement of responsibility, etc. |
Gary Hall |
| 260 ## - PUBLICATION, DISTRIBUTION, ETC. |
| Place of publication, distribution, etc. |
Minneapolis : |
| Name of publisher, distributor, etc. |
University of Minnesota Press, |
| Date of publication, distribution, etc. |
cop. 2008 |
| 300 ## - PHYSICAL DESCRIPTION |
| Extent |
vii, 301 s. |
| 490 0# - SERIES STATEMENT |
| Series statement |
Electronic mediations, |
| International Standard Serial Number |
99-3171425-5 ; |
| Volume/sequential designation |
24 |
| 505 0# - FORMATTED CONTENTS NOTE |
| Formatted contents note |
Why all academic research and scholarship should be made available in online open access archives, now! -- Judgment and responsibility in the wikipedia era -- IT, again, or, How to build an ethical institution -- Antipolitics and the Internet -- Hypercyberdemocracy. |
| 650 #7 - SUBJECT ADDED ENTRY--TOPICAL TERM |
| Topical term or geographic name entry element |
Communication in learning and scholarship |
| General subdivision |
Technological innovations. |
| 650 #7 - SUBJECT ADDED ENTRY--TOPICAL TERM |
| Topical term or geographic name entry element |
Internet |
| General subdivision |
Political aspects. |
| 650 #7 - SUBJECT ADDED ENTRY--TOPICAL TERM |
| Topical term or geographic name entry element |
Open access publishing |
| 650 #7 - SUBJECT ADDED ENTRY--TOPICAL TERM |
| Topical term or geographic name entry element |
Open access-publicering |
| 650 #7 - SUBJECT ADDED ENTRY--TOPICAL TERM |
| Topical term or geographic name entry element |
Open access-publicering |
| 650 #7 - SUBJECT ADDED ENTRY--TOPICAL TERM |
| Topical term or geographic name entry element |
Scholarly electronic publishing. |
| 650 #7 - SUBJECT ADDED ENTRY--TOPICAL TERM |
| Topical term or geographic name entry element |
Vetenskaplig publicering |
| 651 ## - SUBJECT ADDED ENTRY--GEOGRAPHIC NAME |
| Geographic name |
E-BOOK |
| 942 ## - ADDED ENTRY ELEMENTS (KOHA) |
| Source of classification or shelving scheme |
|
| Koha item type |
Book |